000 01315nam a2200325 i 4500
001 bg
003 KOSZ 005
005 20191121082252.0
008 080520s1964 pl a f 001 0 pol
015 _aPB 1964/1002
040 _aWA N
_cKOSZ 005/RW
_dKOSZ 005/RW
041 1 _apol
_heng
080 _a539+541
100 1 _aGrunwald, Ernest
_d(1923- ).
245 1 0 _aAtomy, cząsteczki i przemiany chemiczne /
_cErnest Grunwald, Russel H. Johnsen ; tł. z ang. Edward T. Józefowicz.
246 1 _iTyt. oryg.:
_aAtoms, molecules and chemical change.
260 _aWarszawa :
_bWydawnictwa Naukowo-Techniczne,
_c1964.
300 _a203, [1] s. :
_bil. ;
_c25 cm.
380 _aKsiążki.
504 _aBibliogr. s. [200]. Indeks.
521 8 _aDla czytelników interesujących się chemią, dla autorów wykładów popularnych, uczniów szkół średnich i studentów wydziałów mechanicznych.
650 4 _aChemia fizyczna
650 4 _aFizyka jądrowa
650 4 _aAtom
700 1 _aJohnsen, Russel H.
710 2 _aWydawnictwa Naukowo-Techniczne
_4pbl.
700 1 _aJózefowicz, Edward T.
_d(1936- )
_eTłumaczenie
856 _uhttp://koha.tu.koszalin.pl/cgi-bin/koha/opac-detail.pl?biblionumber=10707
_yKatalog online BPK
942 _2UKD
_cKS
999 _c10707
_d10707